[Event "Kendrapara Umar Ali Memorial"]
[Site "Kendrapara"]
[Date "2017.12.27"]
[Round "8"]
[White "Sahu, Rajendrakumar"]
[Black "Samal, Aditya Ranjan"]
[Result "1-0"]
[WhiteElo "1966"]
[BlackElo "1697"]
[PlyCount "118"]
[EventDate "2017.12.25"]
[EventType "swiss"]
[EventRounds "9"]
[EventCountry "IND"]
[SourceTitle "EXT 2019"]
[Source "ChessBase"]
[SourceDate "2018.10.10"]
[SourceVersion "1"]
[SourceVersionDate "2018.10.10"]
[SourceQuality "1"]

1. e4 c6 2. d3 d6 3. g3 e5 4. Bg2 Qc7 5. Nc3 Nf6 6. Nf3 Bg4 7. h3 Bc8 8. 0-0 Be7 9. a4 Nbd7 10. d4 0-0 11. Re1 Re8 12. Nb1 exd4 13. Nxd4 Bf8 14. c4 Nc5 15. Nc3 a5 16. b3 g6 17. Ba3 Ne6 18. Nxe6 Bxe6 19. Qd4 Nd7 20. Rac1 Qb6 21. Qxb6 Nxb6 22. Red1 Rad8 23. Rd3 Rd7 24. Rcd1 Red8 25. Ne2 d5 26. Bxf8 Kxf8 27. exd5 cxd5 28. c5 Na8 29. Nd4 Rc8 30. Rc3 Nc7 31. c6 bxc6 32. Rxc6 Rb8 33. Rc5 Ra8 34. Rdc1 Ne8 35. g4 g5 36. Kf1 Kg7 37. Ke2 Nf6 38. Ke3 h5 39. f3 h4 40. Bf1 Re7 41. Kf2 Bd7 42. Rc7 Ne8 43. R7c5 Nf6 44. Rc7 Re5 45. Bd3 Rb8 46. Bb5 Bxb5 47. axb5 Ree8 48. Ra7 Ra8 49. Rcc7 Rxa7 50. Rxa7 Rb8 51. Rxa5 Ne8 52. b6 Rxb6 53. Rxd5 Kg6 54. Ke2 Nc7 55. Rd7 Na6 56. Ra7 Nc5 57. Ra3 Kf6 58. Kd2 Ke5 59. Kc3 Rxb3+ 1-0

[Event "Kendrapara Umar Ali Memorial"]
[Site "Kendrapara"]
[Date "2017.12.26"]
[Round "4"]
[White "Samal, Aditya Ranjan"]
[Black "Mishra, Soumyaranjan"]
[Result "1/2-1/2"]
[WhiteElo "1697"]
[BlackElo "2197"]
[PlyCount "80"]
[EventDate "2017.12.25"]
[EventType "swiss"]
[EventRounds "9"]
[EventCountry "IND"]
[SourceTitle "EXT 2019"]
[Source "ChessBase"]
[SourceDate "2018.10.10"]
[SourceVersion "1"]
[SourceVersionDate "2018.10.10"]
[SourceQuality "1"]

1. d4 Nf6 2. Bf4 d6 3. Nc3 g6 4. e4 Bg7 5. Qd2 Nc6 6. 0-0-0 0-0 7. Nf3 Bg4 8. Qe3 Nh5 9. Bh6 e5 10. Bxg7 Nxg7 11. dxe5 Nxe5 12. h3 Bxf3 13. gxf3 Re8 14. f4 Nd7 15. Bc4 a6 16. h4 Nb6 17. Bb3 Qf6 18. h5 gxh5 19. e5 dxe5 20. Ne4 Qf5 21. Ng5 exf4 22. Qc3 Qxg5 23. Qxc7 f3+ 24. Kb1 Qf6 25. Rd6 Qe7 26. Qxb6 Rad8 27. Rxd8 Rxd8 28. c3 Rd2 29. Rg1 Re2 30. Bd1 Re1 31. Rxe1 Qxe1 32. Qd8+ Ne8 33. Qg5+ Kf8 34. Qc5+ Qe7 35. Qxe7+ Kxe7 36. Bxf3 Nd6 37. Bxh5 Ne4 38. f4 Ke6 39. Kc2 Nd6 40. Bg4+ Kd5 1/2-1/2

[Event "Kendrapara Umar Ali Memorial"]
[Site "Kendrapara"]
[Date "2017.12.26"]
[Round "5"]
[White "Samal, Ansuman"]
[Black "Samal, Aditya Ranjan"]
[Result "1-0"]
[WhiteElo "2022"]
[BlackElo "1697"]
[PlyCount "109"]
[EventDate "2017.12.25"]
[EventType "swiss"]
[EventRounds "9"]
[EventCountry "IND"]
[SourceTitle "EXT 2019"]
[Source "ChessBase"]
[SourceDate "2018.10.10"]
[SourceVersion "1"]
[SourceVersionDate "2018.10.10"]
[SourceQuality "1"]

1. e4 c6 2. d3 d6 3. f4 e5 4. Nf3 Bg4 5. h3 Bxf3 6. Qxf3 Nd7 7. g3 Ngf6 8. Bg2 Qb6 9. Nd2 Be7 10. Nc4 Qc7 11. 0-0 b5 12. Ne3 g6 13. Qf2 0-0 14. f5 Nb6 15. Nd1 Nfd7 16. Bh6 d5 17. Ne3 Bc5 18. exd5 Nxd5 19. Kh2 N7b6 20. Qe2 Nxe3 21. Bxe3 Bxe3 22. Qxe3 f6 23. Rf2 Kg7 24. Qc5 Rac8 25. Re1 Nd7 26. Qe3 Rf7 27. h4 Nf8 28. Kh1 Qb6 29. Qd2 Qd4 30. Bh3 Rd8 31. Ref1 e4 32. Rf4 Qxb2 33. Rxe4 Qxa2 34. fxg6 hxg6 35. Rfe1 Qd5 36. Bg2 Qd6 37. Qe3 Rdd7 38. g4 a5 39. g5 f5 40. Re8 Qd4 41. Bxc6 Qxe3 42. R1xe3 Rd4 43. Rh3 b4 44. Kg2 Rd6 45. Ba4 Ne6 46. Re3 Nc5 47. Bb5 Nb7 48. Bc4 Rdd7 49. Bxf7 Kxf7 50. Ra8 Rc7 51. Re2 Rd7 52. Ra6 Rc7 53. Kf3 Rd7 54. Ra7 Rc7 55. Re5 1-0